000 00945nas a2200301 4500
001 BR2011004774
003 BR-BrBNA
005 20231205115539.0
007 ta
008 230509b bl.|||p| |||| 00| 00por d
040 _aBR-BrBNA
_bpor
_cBiblioteca Nacional de Agricultura
041 _a(En)
072 _aJ11
100 1 _aFischer, I.H.
100 1 _aFerreira, M.D.
100 1 _aSpósito, M.B.
100 1 _aAmorim, L.
245 1 _aCitrus postharvest diseases and injuries related to impact on packing lines
246 1 _aCitrus postharvest diseases and injuries related to impact on packing lines
650 _aFRUTA CÍTRICA
650 _aPÓS-COLHEITA
650 _aDOENÇA DE PLANTA
650 _aPODRIDÃO
650 _aDANO MECÂNICO
773 0 _tScientia Agricola (Brazil)
_xISSN 0103-9016
_g(Mar-Apr 2009), v. 66(2) p. 210-217
_wBR2011004774
909 _a202311
_bLúcia
_c55
_dLúcia Elande
942 _2AGRIS
_n0
_cANA
999 _c214377
_d214377